Caricamento...

Theory of Lebesgue measure and integration tr by Leo F Boron /

Dettagli Bibliografici
Autore principale: Hartman, S.
Altri autori: Mikusinski, J.
Lingua:Undetermined
Pubblicazione: 1961.
Serie:International series of monographs on pure and applied mathematics^I N Sneddon etc;15
Soggetti:
LEADER 00597nam a2200169Ia 4500
001 15547
008 170722s9999 xx 000 0 und d
100 |a Hartman, S. 
245 |a Theory of Lebesgue measure and integration tr by Leo F Boron / 
260 |c 1961. 
490 |a International series of monographs on pure and applied mathematics^I N Sneddon etc;15 
653 |a Lebesgue Integration 
653 |a Mathematics 
700 |a Mikusinski, J. 
942 |c GEN 
999 |c 57247  |d 57247 
952 |0 0  |1 0  |4 0  |6 B_371N_K1  |7 0  |8 LC1  |9 81849  |a LIB  |b LIB  |d 2013-03-25  |h LC1  |o B37:1N K1  |p 82681  |r 2017-08-12  |w 2017-08-12  |y GEN